<?xml version="1.0" encoding="UTF-8"?>
<marc:record xmlns:marc="http://www.loc.gov/MARC21/slim">
   <marc:leader>00000nam a2200000 a 4500</marc:leader>
   <marc:datafield ind1="1" ind2=" " tag="100">
      <marc:subfield code="a">Herschler, Frederick A.</marc:subfield>
      <marc:subfield code="4">aut</marc:subfield>
      <marc:subfield code="e">Verfasser/-in</marc:subfield>
   </marc:datafield>
   <marc:datafield ind1="0" ind2="0" tag="245">
      <marc:subfield code="a">Canyon</marc:subfield>
   </marc:datafield>
   <marc:datafield ind1="0" ind2="0" tag="245">
      <marc:subfield code="b">Vom Totemphahl zum Wasserfall</marc:subfield>
   </marc:datafield>
   <marc:datafield ind1="0" ind2="0" tag="245">
      <marc:subfield code="c">Frederick A. Herschler</marc:subfield>
   </marc:datafield>
   <marc:datafield ind1=" " ind2="1" tag="264">
      <marc:subfield code="a">Dreieich</marc:subfield>
      <marc:subfield code="b">Abacus</marc:subfield>
      <marc:subfield code="c">1997</marc:subfield>
   </marc:datafield>
   <marc:datafield ind1="1" ind2=" " tag="520">
      <marc:subfield code="a">Anstatt das Kriegsbeil auszugraben stürzen sich die jungen Krieger mit ihren Kanus zu einer aufregenden Wettfahrt in den alten Canyon. Das Tempo der Kanus bestimmt ein einfaches Kartenspiel. Dabei muß seine Möglichkeiten richtig einschätzen und kann sogar den einen oder anderen zusätzlichen Schub erhalten.</marc:subfield>
   </marc:datafield>
   <marc:datafield ind1=" " ind2=" " tag="500">
      <marc:subfield code="a">1 Spielplan, 80 Spielkarten, 6 Kanuspielsteine, 1 Markierungsstein, 1 Spielanleitung</marc:subfield>
   </marc:datafield>
   <marc:datafield ind1="0" ind2=" " tag="490">
      <marc:subfield code="v">0</marc:subfield>
   </marc:datafield>
</marc:record>
